Transporte público : (Registro nro. 13647)

Detalles MARC
000 -LIDER
fixed length control field 01924nam a2200337 a 4500
003 - IDENTIFICACDOR DE NÚMERO DE CONTROL
control field DO-SdBNP
005 - DATE AND TIME OF LATEST TRANSACTION
control field 20210811100413.0
008 - ELEMENTOS DE LONGITUD FIJA
fixed length control field 150112s2014 dr 000 0 spa d
020 ## - ISBN
International Standard Book Number 9789945412970
040 ## - FUENTE DE CATALOGACIÓN
Agencia que crea de manera original el registro DO-SdBNP
Idioma de catalogación spa
Agencia que realiza la transcripción BPMSU
082 ## - NÚMERO DE CLASIFICACIÓN DECIMAL DE DEWEY
Classification number 070.44
Item number P925t 2014
Edition number 22
111 2# - ASIENTO PRINCIPAL--NOMBRE DE REUNIÓN O CONFERENCIA
Nombre de reunión o jurisdicción como elemento de entrada Premios FUNGLODE
Fecha de la reunión (2013 :
Lugar de la reunión Santo Domingo)
245 10 - MENCIÓN DE TITULO
Título Transporte público :
Subtítulo y otros temas periodísticos /
Mención de responsabilidad Mariela Mejía, Tania Molina, Leisy Torres, Felivia Mejía, Mercedes González, Nicanor Leyba.
260 ## - PUBLICACIÓN, DISTRIBUCIÓN, ETC. (PIE DE IMPRENTA)
Lugar de publicación, distribución, etc Santo Domingo :
Nombre del editor, distribuidor, etc. FUNGLODE,
Fecha de publicación, distribución, etc 2014.
300 ## - DESCRIPCIÓN FÍSICA
Extensión 120 p. ;
Dimensiones 23 cm.
490 0# - MENCIÓN DE SERIES
Mención de serie Premios Funglode de Periodísmo Rafael Herrera 2013
505 0# - NOTA DE CONTENIDO
Información miscelánea Primer lugar :
Título Transporte público /
Mención de responsabilidad Mariela Mejía y Tania Molina --
Información miscelánea Segundo lugar :
Título Mafia del tráfico y la trata humana /
Mención de responsabilidad Leisy Torres --
Información miscelánea Tercer lugar :
Título Madres enfrentan violencia y escollos judiciales al exigir manutención /
Mención de responsabilidad Felivia Mejía
Información miscelánea Mención :
Título Niños pedigüeños no tienen dolientes /
Mención de responsabilidad Mercedes González --
Información miscelánea Mención :
Título El béisbol, la lotería de muchas familias dominicanas /
Mención de responsabilidad Nicanor Leyba --
Información miscelánea Mención :
Título Escuelas inclusivas. Realidad a medias en RD /
Mención de responsabilidad Tania Molina --
586 ## - AWARDS NOTE
Awards note Premio FUNGLODE de periodismo Rafael Herrera
650 #4 - ENCABEZAMIENTO DE MATERIA--TEMÁTICO
Término temático o nombre geográfico como elemento de entrada Periodísmo
Subdivisión geográfica República Dominicana
Subdivisión de forma Concursos
Término temático seguido del nombre geográfico como elemento de entrada
650 #4 - ENCABEZAMIENTO DE MATERIA--TEMÁTICO
Término temático o nombre geográfico como elemento de entrada Premios de periodismo
Subdivisión geográfica República Dominicana
700 1# - ASIENTO SECUNDARIO -- NOMBRE PERSONAL
Nombre personal Mejía, Mariela
700 1# - ASIENTO SECUNDARIO -- NOMBRE PERSONAL
Nombre personal Molina, Tania
700 1# - ASIENTO SECUNDARIO -- NOMBRE PERSONAL
Nombre personal Torres, Leisy
Título de una obra Mafia del tráfico y la trata humana
700 1# - ASIENTO SECUNDARIO -- NOMBRE PERSONAL
Nombre personal Mejía, Felivia
Título de una obra Madres enfrentan violencia y escollos judiciales al exigir manutención
700 1# - ASIENTO SECUNDARIO -- NOMBRE PERSONAL
Nombre personal González, Mercedes
Título de una obra Niños pedigüeños no tienen dolientes
700 1# - ASIENTO SECUNDARIO -- NOMBRE PERSONAL
Nombre personal Leyba, Nicanor
Título de una obra El béisbol, la lotería de muchas familias dominicanas
710 2# - ASIENTO SECUNDARIO -- NOMBRE CORPORATIVO
Nombre corporativo o de jurisdicción Fundación Global Democracía y Desarrollo (República Dominicana)
830 #0 - ASIENTO SECUNDARIO DE SERIE--TÍTULO UNIFORME
Título uniforme Premios Funglode/GFDD 2013
910 ## - VALIDACIÓN
Validación VMateo V.
942 ## - ADDED ENTRY ELEMENTS (KOHA)
Source of classification or shelving scheme Dewey Decimal Classification
Koha item type Libros
Existencias
Withdrawn status Lost status Source of classification or shelving scheme Damaged status Not for loan Collection code Home library Current library Date acquired Total Checkouts Full call number Barcode Date last seen Price effective from Koha item type
    Dewey Decimal Classification     Colección Dominicana Biblioteca Pública Metropolitana Salomé Ureña Biblioteca Pública Metropolitana Salomé Ureña 08/11/2021   BPMSU CD 070.44 P925t 2014 BPMSU21080041 08/11/2021 08/11/2021 Libros